[Event "Cartago Region-ch 1st (Women)"]
[Site "Buga"]
[Date "2011.09.23"]
[Round "4.3"]
[White "Rodriguez, Sofia"]
[Black "Sanchez Vivas, Maria Camila"]
[Result "1-0"]
[WhiteElo "1871"]
[BlackElo "1500"]
[PlyCount "47"]
[EventDate "2011.09.22"]
[EventType "swiss"]
[EventRounds "5"]
[EventCountry "COL"]
[SourceTitle "EXT 2024"]
[Source "ChessBase"]
[SourceDate "2023.10.10"]
[SourceVersion "1"]
[SourceVersionDate "2023.10.10"]
[SourceQuality "1"]
[WhiteTeam "Cali"]
[BlackTeam "Palmira"]
[WhiteTeamCountry "COL"]
[BlackTeamCountry "COL"]

1. e4 e5 2. Nf3 Nc6 3. d4 d6 4. Bb5 Bd7 5. Nc3 a6 6. Bxc6 Bxc6 7. dxe5 dxe5 8. Qxd8+ Kxd8 9. Nxe5 Bd7 10. Nxf7+ Ke7 11. Nxh8 Nf6 12. Bg5 Kd8 13. e5 Be7 14. exf6 gxf6 15. Bf4 f5 16. 0-0-0 Bf6 17. Nf7+ Ke8 18. Rhe1+ Kxf7 19. Rxd7+ Kf8 20. Re6 Bh4 21. Rxc7 b5 22. g3 Bd8 23. Bh6+ Kg8 24. Re8# 1-0